|
|
|
|
| LEADER |
00846nam a2200349 4500 |
| 001 |
DLU120133355 |
| 005 |
##20120409 |
| 040 |
# |
# |
|a DLU
|b vie
|
| 041 |
# |
# |
|a vie
|
| 044 |
# |
# |
|a vn
|
| 082 |
# |
# |
|a 510.76
|b Bai
|
| 245 |
# |
# |
|a Bài tập toán 6.
|n t.I /
|c Tôn Thân, ...[et al.].
|
| 260 |
# |
# |
|a H. :
|b Giáo dục,
|c 2002.
|
| 300 |
# |
# |
|a 119 tr. ;
|c 24 cm.
|
| 650 |
# |
# |
|a Toán học
|x Bài toán, bài tập, v.v...
|
| 700 |
# |
# |
|a Phạm Gia Đức.
|
| 700 |
# |
# |
|a Phan Đức Chính.
|
| 700 |
# |
# |
|a Tôn Thân,
|e chủ biên.
|
| 700 |
# |
# |
|a Trần Luận.
|
| 700 |
# |
# |
|a Vũ Hữu Bình.
|
| 923 |
# |
# |
|a 01/2012SP
|
| 990 |
# |
# |
|a t.I
|
| 991 |
# |
# |
|a GT
|
| 992 |
# |
# |
|a 4700
|
| 994 |
# |
# |
|a KSP
|
| 900 |
# |
# |
|a True
|
| 911 |
# |
# |
|a Nguyễn Thanh Hương
|
| 925 |
# |
# |
|a G
|
| 926 |
# |
# |
|a A
|
| 927 |
# |
# |
|a SH
|
| 980 |
# |
# |
|a Thư viện Trường Đại học Đà Lạt
|